[Event "SK Passeier-J. Richter/LASK BZ"]
[Site "?"]
[Date "2013.01.12"]
[Round "6.2"]
[White "Innerhofer, Stefan"]
[Black "Bevilacqua, Maurizio"]
[Result "1/2-1/2"]
[WhiteElo "1550"]
[BlackElo "1974"]
[PlyCount "35"]
[EventDate "2013.??.??"]

1. f4 g6 2. Nf3 d5 3. e3 Bg7 4. d4 Nh6 5. Bd3 c5 6. c3 cxd4 7. cxd4 Nc6 8. O-O
O-O 9. Nc3 a6 10. a3 Bf5 11. Bxf5 Nxf5 12. Qb3 e6 13. Na4 Na5 14. Qd3 Re8 15.
Bd2 Bf8 16. b3 Rc8 17. g4 Nd6 18. Nc5 1/2-1/2

[Event "SK Passeier-J. Richter/LASK BZ"]
[Site "?"]
[Date "2013.01.12"]
[Round "6.3"]
[White "De Vita, Gianni"]
[Black "Innerhofer, Hannes"]
[Result "1-0"]
[WhiteElo "1973"]
[BlackElo "1629"]
[PlyCount "45"]
[EventDate "2013.??.??"]

1. e4 e6 2. d4 b6 3. Nc3 Bb7 4. Nf3 Be7 5. Bd3 Nf6 6. e5 Nd5 7. Nxd5 Bxd5 8.
Be3 O-O 9. O-O h6 10. Nd2 f5 11. exf6 Bxf6 12. Qg4 Bg5 13. f4 Be7 14. Qg6 Rf6
15. Qh7+ Kf7 16. f5 Qg8 17. fxe6+ Bxe6 18. Qg6+ Kf8 19. Ne4 Rf7 20. Qh5 d5 21.
Nc3 c6 22. Qe5 Rf6 23. Qc7 1-0

[Event "SK Passeier-J. Richter/LASK BZ"]
[Site "?"]
[Date "2013.01.12"]
[Round "6.4"]
[White "Pirpamer, Klaus"]
[Black "Kowalczyk, Martin"]
[Result "1-0"]
[WhiteElo "1749"]
[BlackElo "1887"]
[PlyCount "91"]
[EventDate "2013.??.??"]

1. d4 Nf6 2. c4 c5 3. d5 e6 4. Nc3 exd5 5. cxd5 d6 6. e4 g6 7. Bd3 Bg7 8. Nge2
O-O 9. O-O Re8 10. Bf4 a6 11. a4 Qc7 12. Rc1 Nbd7 13. b4 b6 14. b5 a5 15. f3
Ne5 16. Nb1 Qe7 17. Ng3 Nfd7 18. Na3 Qh4 19. Qd2 h6 20. Bb1 Kh7 21. Be3 Nf6 22.
Rfe1 Nh5 23. Nxh5 Qxh5 24. Nc4 Nxc4 25. Rxc4 Bd7 26. g4 Qh3 27. Qg2 Qh4 28. Qg3
Qe7 29. h4 f5 30. h5 fxg4 31. hxg6+ Kg8 32. f4 h5 33. f5 Be5 34. Bf4 Bxf4 35.
Qxf4 Qh4 36. Re3 Qf6 37. Qh6 Qh8 38. Qg5 Qb2 39. Bd3 Kg7 40. Re2 Qa1+ 41. Kg2
Ra7 42. e5 Rxe5 43. f6+ Kg8 44. f7+ Kg7 45. Qd8 Rxe2+ 46. Bxe2 1-0

[Event "SK Passeier-J. Richter/LASK BZ"]
[Site "?"]
[Date "2013.01.12"]
[Round "6.5"]
[White "Bonseri, Sergio"]
[Black "Kofler, Siegfried"]
[Result "1-0"]
[WhiteElo "1710"]
[BlackElo "1500"]
[PlyCount "70"]
[EventDate "2013.??.??"]

1. e4 c6 2. d4 d5 3. e5 Bf5 4. Nf3 e6 5. Nc3 Bb4 6. Bd3 Bxd3 7. Qxd3 Nd7 8. O-O
h6 9. Ne2 Ne7 10. c3 Ba5 11. Ng3 c5 12. Qe2 cxd4 13. cxd4 a6 14. h3 Rc8 15. Be3
b5 16. Nh2 Nb6 17. b3 Nd7 18. Qg4 Ng6 19. Nf3 Bc3 20. Rac1 b4 21. h4 Rh7 22. h5
Nh8 23. Nh2 Qe7 24. Qe2 Nb8 25. Qd3 g6 26. Ng4 Kd8 27. Nf6 Rc7 28. Nxh7 f5 29.
hxg6 Nxg6 30. Nf6 Ra7 31. Nxf5 exf5 32. Nxd5 Qg7 33. Nxc3 f4 34. Nd5 f3 35. Qf5
Nf4 1-0

[Event "SK Passeier-J. Richter/LASK BZ"]
[Site "?"]
[Date "2013.01.12"]
[Round "6.6"]
[White "Innerhofer, Johann"]
[Black "Mumelter, Igor"]
[Result "1/2-1/2"]
[WhiteElo "1641"]
[BlackElo "1821"]
[PlyCount "63"]
[EventDate "2013.??.??"]

1. e4 c6 2. d4 d5 3. e5 c5 4. c3 Nc6 5. Be3 cxd4 6. cxd4 Qb6 7. b3 Nh6 8. Nf3
Bg4 9. Be2 e6 10. O-O Bxf3 11. Bxf3 Nf5 12. Nc3 Be7 13. Na4 Qd8 14. a3 O-O 15.
Qd3 Rc8 16. b4 b6 17. Rac1 Qd7 18. Nc3 f6 19. exf6 Bxf6 20. Ne2 a5 21. b5 Nce7
22. a4 Nd6 23. Bg4 Nef5 24. Bf4 g6 25. Rfe1 Rxc1 26. Rxc1 Rc8 27. Rxc8+ Qxc8
28. g3 Nf7 29. Bf3 Ne7 30. Bg4 Nf5 31. Bf3 Ne7 32. Bg4 1/2-1/2

[Event "SK Ridnaun-CSK Merania"]
[Site "?"]
[Date "2013.01.12"]
[Round "6.1"]
[White "Hellweger, Stefan"]
[Black "Aigner, Helmut"]
[Result "1/2-1/2"]
[WhiteElo "1497"]
[BlackElo "1819"]
[PlyCount "56"]
[EventDate "2013.??.??"]

1. e4 e5 2. Nf3 Nc6 3. Bb5 a6 4. Bxc6 dxc6 5. Nc3 Bc5 6. Nxe5 Qg5 7. d4 Qxg2 8.
Qf3 Qxf3 9. Nxf3 Bb6 10. Be3 Ne7 11. Rg1 g6 12. O-O-O f6 13. a3 Be6 14. d5
Bxe3+ 15. fxe3 cxd5 16. exd5 Bd7 17. d6 cxd6 18. Rxd6 Rf8 19. Nd4 Bc6 20. Ne6
Nf5 21. Rd2 Rf7 22. e4 Nh4 23. Rf1 Ke7 24. Nc7 Rd8 25. N7d5+ Bxd5 26. Nxd5+ Ke6
27. Nc7+ Ke7 28. Nd5+ Ke6 1/2-1/2

[Event "SK Ridnaun-CSK Merania"]
[Site "?"]
[Date "2013.01.12"]
[Round "6.2"]
[White "Helfer, August"]
[Black "Ladurner, Hans"]
[Result "1/2-1/2"]
[WhiteElo "1652"]
[BlackElo "1564"]
[PlyCount "112"]
[EventDate "2013.??.??"]

1. d4 d5 2. c4 e6 3. Nc3 c6 4. a3 Nf6 5. cxd5 exd5 6. Bg5 Be7 7. e3 O-O 8. Bd3
Nbd7 9. Nge2 Re8 10. O-O Nf8 11. h3 h6 12. Bxf6 Bxf6 13. Rc1 Bh4 14. Nf4 Ne6
15. Nxe6 Bxe6 16. Qf3 Bg5 17. Rc2 Qf6 18. Qxf6 Bxf6 19. Rfc1 Be7 20. Na4 Bd7
21. b4 b5 22. Nc5 Bxc5 23. Rxc5 f5 24. R5c3 Kf7 25. Be2 g6 26. g4 f4 27. Bf3
fxe3 28. Rxe3 a5 29. bxa5 Rxa5 30. Rxe8 Bxe8 31. Rc3 Ra4 32. Rd3 Kf6 33. Bd1
Rc4 34. f4 Bd7 35. Kf2 Rc1 36. Ke3 Ra1 37. h4 Ra2 38. Be2 Rc2 39. Kf3 Bxg4+ 40.
Kxg4 Rxe2 41. Rc3 Re6 42. Rd3 h5+ 43. Kf3 Ke7 44. Rb3 Kd6 45. Rb4 Re1 46. a4
bxa4 47. Rxa4 Re6 48. Ra8 Ke7 49. Rg8 Kf7 50. Ra8 Ke7 51. Ra7+ Kd6 52. Ra6 Kc7
53. Ra4 Kb6 54. Rb4+ Ka5 55. Rb7 Ka6 56. Rb8 Ka7 1/2-1/2

[Event "SK Ridnaun-CSK Merania"]
[Site "?"]
[Date "2013.01.12"]
[Round "6.3"]
[White "Tomisich, Claudio"]
[Black "Obermueller, Johann"]
[Result "0-1"]
[WhiteElo "1480"]
[BlackElo "1536"]
[PlyCount "90"]
[EventDate "2013.??.??"]

1. e4 e5 2. Nf3 Nc6 3. Bb5 Nf6 4. O-O Bc5 5. Nc3 d6 6. h3 O-O 7. d3 h6 8. Ne2
Nh5 9. Kh1 f5 10. Bxc6 bxc6 11. exf5 Bxf5 12. Neg1 e4 13. dxe4 Bxe4 14. c3 d5
15. Ng5 Rxf2 16. Rxf2 Ng3+ 17. Kh2 Bxf2 18. Nxe4 Nxe4 19. Ne2 Qd6+ 20. Bf4 Qe7
21. Qd3 Rb8 22. b3 Rf8 23. Bg3 Bxg3+ 24. Nxg3 Qe5 25. Re1 h5 26. h4 Qf4 27.
Rxe4 dxe4 28. Qc4+ Kh8 29. Qxe4 Qxe4 30. Nxe4 Re8 31. Nc5 Re5 32. Na6 Ra5 33.
Nxc7 Rxa2 34. Ne6 Ra3 35. Nc5 Kh7 36. Kg3 a5 37. Kf4 Ra2 38. g3 Rc2 39. Ne4 Kg6
40. Ke5 Re2 41. Kd4 Kf5 42. g4+ Kf4 43. Ng5 hxg4 44. Kd3 Re5 45. Kd2 Rxg5 0-1

[Event "SK Ridnaun-CSK Merania"]
[Site "?"]
[Date "2013.01.12"]
[Round "6.4"]
[White "Helfer, Sieghard"]
[Black "Sbalchiero, Lorenzo"]
[Result "0-1"]
[WhiteElo "1532"]
[BlackElo "1453"]
[PlyCount "52"]
[EventDate "2013.??.??"]

1. d4 Nf6 2. c4 e6 3. Nc3 d5 4. Bg5 Bb4 5. e3 c6 6. Qc2 Nbd7 7. Bd3 Qa5 8. Nge2
dxc4 9. Bxf6 cxd3 10. Qxd3 Nxf6 11. O-O Bxc3 12. Nxc3 O-O 13. e4 e5 14. d5 cxd5
15. exd5 b6 16. Rfe1 Re8 17. a4 Ba6 18. Qf5 Qb4 19. Qc2 Rac8 20. Qd2 Rcd8 21.
Rad1 Bc4 22. Ne4 Qxd2 23. Nxf6+ gxf6 24. Rxd2 Rxd5 25. Rxd5 Bxd5 26. Rc1 Be6
0-1

[Event "SK Ridnaun-CSK Merania"]
[Site "?"]
[Date "2013.01.12"]
[Round "6.5"]
[White "Mucci, Angelo"]
[Black "Gasteiger, Josef"]
[Result "1-0"]
[WhiteElo "1531"]
[BlackElo "1370"]
[PlyCount "122"]
[EventDate "2013.??.??"]

1. e4 c5 2. Nc3 Nc6 3. g3 Nf6 4. Bg2 e5 5. d3 Be7 6. Nge2 O-O 7. O-O d6 8. f4
exf4 9. Nxf4 Bg4 10. Bf3 Bxf3 11. Rxf3 Nd4 12. Rf2 Qd7 13. Ncd5 Rae8 14. c3 Ne6
15. Nxf6+ Bxf6 16. Qg4 Be5 17. Nd5 Kh8 18. Be3 Qd8 19. Raf1 f6 20. Rd2 Qa5 21.
b4 Qa3 22. d4 cxd4 23. cxd4 Nxd4 24. Bxd4 Bxd4+ 25. Rxd4 Qxa2 26. Rdd1 Qc4 27.
Rfe1 f5 28. Qe2 Qxe4 29. Qxe4 fxe4 30. Rd4 Re5 31. Rexe4 h6 32. Rxe5 dxe5 33.
Re4 Re8 34. Nc7 Re7 35. Nb5 a6 36. Nd6 Kh7 37. Nc4 Kg6 38. Rxe5 Rc7 39. Rc5 Re7
40. Kf2 Kf6 41. Kf3 g5 42. g4 Rd7 43. Rf5+ Ke6 44. Ke4 Rc7 45. Re5+ Kf6 46. Kd5
b5 47. Re6+ Kg7 48. Ne5 Rc2 49. Rg6+ Kh7 50. Rxa6 Rxh2 51. Ra7+ Kg8 52. Rb7
Rd2+ 53. Ke6 Re2 54. Kf6 Rd2 55. Rxb5 Rd6+ 56. Kf5 Kg7 57. Rb7+ Kf8 58. b5 Rd5
59. b6 h5 60. gxh5 g4 61. h6 Rb5 {Zeit.} 1-0

[Event "Wipptal Schach-SC Lana"]
[Site "?"]
[Date "2013.01.12"]
[Round "6.1"]
[White "Hoelzl, Matthias"]
[Black "De Bettin, Sergio"]
[Result "1/2-1/2"]
[WhiteElo "1709"]
[BlackElo "1713"]
[PlyCount "22"]
[EventDate "2013.??.??"]

1. e4 c6 2. d4 d5 3. exd5 cxd5 4. Bd3 Nf6 5. h3 Nc6 6. c3 Qb6 7. Nf3 e6 8. O-O
h6 9. Ne5 Bd6 10. Qe2 Nd7 11. f4 Ndxe5 1/2-1/2

[Event "Wipptal Schach-SC Lana"]
[Site "?"]
[Date "2013.01.12"]
[Round "6.2"]
[White "Sparber, Werner"]
[Black "Pichler, Norbert"]
[Result "0-1"]
[WhiteElo "1642"]
[BlackElo "1617"]
[PlyCount "86"]
[EventDate "2013.??.??"]

1. d4 c5 2. d5 d6 3. c4 e5 4. e4 a6 5. Nf3 Be7 6. Bd3 Nf6 7. O-O O-O 8. h3 Nbd7
9. Nc3 Rb8 10. Be3 Ne8 11. Nd2 Nc7 12. Qe2 Bg5 13. a4 b6 14. Rab1 Re8 15. f3
Nf8 16. b4 Bd7 17. bxc5 bxc5 18. Kh1 Qf6 19. Rfc1 Ng6 20. Bxg5 Qxg5 21. Nf1 Nf4
22. Qd2 Qh4 23. Bc2 Rb4 24. Ne2 Nxe2 25. Qxe2 Reb8 26. Qe1 Qxe1 27. Rxe1 Rxb1
28. Rxb1 Rxb1 29. Bxb1 Bxa4 30. Ne3 g6 31. Kg1 Bb3 32. Kf2 a5 33. Ke2 a4 34.
Bc2 Bxc2 35. Nxc2 Kg7 36. Kd2 f5 37. Ne3 Kf6 38. Kc3 Kg5 39. exf5 gxf5 40. Kb2
Kf4 41. Nf1 e4 42. fxe4 fxe4 43. Ka3 e3 0-1

[Event "Wipptal Schach-SC Lana"]
[Site "?"]
[Date "2013.01.12"]
[Round "6.3"]
[White "Kofler, Albin"]
[Black "Giorgione, Roberto"]
[Result "1-0"]
[WhiteElo "1560"]
[BlackElo "1444"]
[PlyCount "85"]
[EventDate "2013.??.??"]

1. d4 d5 2. c4 dxc4 3. e4 e6 4. Bxc4 Nf6 5. Bd3 Qxd4 6. Bb5+ Qd7 7. Bxd7+ Bxd7
8. Nc3 Nc6 9. Nge2 a6 10. Bg5 Be7 11. O-O Rd8 12. Qe1 Nb4 13. Qb1 h6 14. Bxf6
Bxf6 15. a3 Nc6 16. Qc2 O-O 17. Rad1 Ne5 18. h3 c5 19. Na4 Bb5 20. Rxd8 Rxd8
21. Nac3 Bd3 22. Qb3 b5 23. f4 Nc4 24. e5 Be7 25. Rc1 Ne3 26. Ng3 c4 27. Qa2
Bc5 28. Kh2 g6 29. Nce4 Bb6 30. b3 h5 31. bxc4 h4 32. c5 hxg3+ 33. Nxg3 Ba5 34.
Qf2 Nd5 35. c6 Bb6 36. Qd2 Bc4 37. Ne4 Bb3 38. Qe1 Nxf4 39. Nf6+ Kg7 40. c7 Rc8
41. Qh4 Ne2 42. Qh7+ Kf8 43. Nd7+ 1-0

[Event "Wipptal Schach-SC Lana"]
[Site "?"]
[Date "2013.01.12"]
[Round "6.4"]
[White "Saxl, Pietro"]
[Black "Del Rosso, Peter"]
[Result "1/2-1/2"]
[WhiteElo "1335"]
[BlackElo "1505"]
[PlyCount "74"]
[EventDate "2013.??.??"]

1. e4 Nf6 2. e5 Nd5 3. Bc4 Nb6 4. Bb3 d6 5. Nf3 Nc6 6. Qe2 Nxe5 7. Nxe5 dxe5 8.
Qxe5 Qd6 9. Qe3 e6 10. Nc3 Be7 11. Qg3 Qxg3 12. hxg3 a6 13. d3 Bd7 14. a3 Bc6
15. f3 Nd7 16. Be3 Bf6 17. Kf2 Bxc3 18. bxc3 Nf6 19. Bd4 Ke7 20. g4 h6 21. Be5
Rac8 22. a4 Rhg8 23. a5 Nd7 24. Bd4 e5 25. Be3 Rh8 26. Ba4 Bxa4 27. Rxa4 f6 28.
Rb4 b5 29. axb6 cxb6 30. c4 Rc6 31. Rb2 Rhc8 32. Rc1 Ke6 33. Ke2 f5 34. gxf5+
Kxf5 35. g4+ Kg6 36. Kd2 Rb8 37. Ra1 Ra8 1/2-1/2

[Event "Wipptal Schach-SC Lana"]
[Site "?"]
[Date "2013.01.12"]
[Round "6.5"]
[White "Menghin, Karl"]
[Black "Saxl, Alexander"]
[Result "1-0"]
[WhiteElo "1439"]
[BlackElo "1381"]
[PlyCount "59"]
[EventDate "2013.??.??"]

1. c4 c5 2. g3 g6 3. Bg2 Bg7 4. Nf3 Nc6 5. O-O b6 6. d3 Bb7 7. Nbd2 e6 8. Rb1
Nd4 9. e3 Nxf3+ 10. Nxf3 Ne7 11. b3 O-O 12. Bb2 Bxb2 13. Rxb2 Rb8 14. d4 cxd4
15. Qxd4 Nf5 16. Qf4 Qf6 17. Rd2 Bxf3 18. Bxf3 e5 19. Qg4 Rbd8 20. Bg2 d6 21.
Rfd1 Nh6 22. Qf3 Qe6 23. Qb7 Rd7 24. Qc6 Rfd8 25. Qe4 Kg7 26. Qc2 f5 27. Bd5
Qe7 28. Qc3 Kf8 29. f4 e4 30. Qh8+ 1-0

[Event "ASD Arci Scacchi II-SG Kaltern/TraminII"]
[Site "?"]
[Date "2013.01.19"]
[Round "7.1"]
[White "Unterkofler, Alex"]
[Black "Adzic, Ranko"]
[Result "1/2-1/2"]
[WhiteElo "1657"]
[BlackElo "1800"]
[PlyCount "62"]
[EventDate "2013.??.??"]

1. e4 e6 2. d4 d5 3. exd5 exd5 4. Nf3 Nf6 5. Be2 Bd6 6. O-O O-O 7. Bg5 Bg4 8.
h3 Bh5 9. c4 c6 10. cxd5 cxd5 11. Nc3 Bc7 12. Bxf6 gxf6 13. g4 Bg6 14. Nh4 f5
15. Nxf5 Bxf5 16. gxf5 Qg5+ 17. Kh1 Qh4 18. Bg4 h5 19. Nxd5 hxg4 20. Qxg4+ Qxg4
21. hxg4 Bd6 22. f6 Nc6 23. Kg2 Kh7 24. Rh1+ Kg6 25. Rh5 Rh8 26. Rah1 Rxh5 27.
Rxh5 Re8 28. f4 Nxd4 29. Rg5+ Kh6 30. Rh5+ Kg6 31. Rg5+ Kh6 1/2-1/2

[Event "ASD Arci Scacchi II-SG Kaltern/TraminII"]
[Site "?"]
[Date "2013.01.19"]
[Round "7.2"]
[White "Gasparro, Antonio"]
[Black "Leimgruber, Erich"]
[Result "0-1"]
[WhiteElo "1388"]
[BlackElo "1580"]
[PlyCount "56"]
[EventDate "2013.??.??"]

1. d4 d5 2. Nf3 Nc6 3. e3 e6 4. c4 dxc4 5. Bxc4 Nf6 6. O-O Be7 7. Nc3 O-O 8. a3
a6 9. b4 b5 10. Bd3 Bb7 11. Bb2 Nd5 12. Ne4 f5 13. Nc5 Bxc5 14. dxc5 Nf6 15.
Qb3 Qe7 16. Bxf5 Nd5 17. Bc2 Kh8 18. Qd3 Rf5 19. g4 Ndxb4 20. axb4 Nxb4 21. Qc3
Nxc2 22. Qxc2 Bxf3 23. Rfc1 Qg5 24. h3 h5 25. Kh2 hxg4 26. Rg1 Qh6 27. Rg3 Rh5
28. Rxf3 gxf3 0-1

[Event "ASD Arci Scacchi II-SG Kaltern/TraminII"]
[Site "?"]
[Date "2013.01.19"]
[Round "7.3"]
[White "Sinner, Armin"]
[Black "Olivetti, Davide"]
[Result "0-1"]
[WhiteElo "1608"]
[BlackElo "1428"]
[PlyCount "102"]
[EventDate "2013.??.??"]

1. e4 e5 2. Nf3 Nc6 3. Bb5 Nd4 4. Nxd4 exd4 5. O-O c6 6. Be2 Nf6 7. d3 d5 8. e5
Nd7 9. f4 Be7 10. Nd2 f5 11. Nf3 c5 12. c3 dxc3 13. bxc3 O-O 14. a4 a5 15. Rb1
b6 16. d4 c4 17. Ne1 Nb8 18. Nc2 Be6 19. Na3 Na6 20. Nc2 Rb8 21. Ba3 Nc7 22.
Bxe7 Qxe7 23. Qc1 b5 24. axb5 Nxb5 25. Qd2 Rb6 26. Ra1 Ra8 27. h3 a4 28. Nb4
Nxc3 29. Qxc3 Qxb4 30. Qc2 Qb3 31. Qc1 Qb2 32. Qd1 a3 33. Rf2 Qb4 34. Qc2 a2
35. Rxa2 Qb1+ 36. Bd1 Rxa2 37. Qxa2 Qxd1+ 38. Rf1 Qxd4+ 39. Kh1 c3 40. Qa8+ Kf7
41. Qa7+ Kg6 42. Qe7 c2 43. h4 h6 44. h5+ Kh7 45. Qe8 Rb1 46. Qg6+ Kh8 47. Kh2
Rxf1 48. Qxe6 Rh1+ 49. Kxh1 c1=Q+ 50. Kh2 Qcg1+ 51. Kg3 Qd3+ 0-1

[Event "ASD Arci Scacchi II-SG Kaltern/TraminII"]
[Site "?"]
[Date "2013.01.19"]
[Round "7.4"]
[White "Zanatta, Daniel"]
[Black "Sanin, Wilfried"]
[Result "1/2-1/2"]
[WhiteElo "1328"]
[BlackElo "1503"]
[PlyCount "79"]
[EventDate "2013.??.??"]

1. e4 g6 2. d4 Bg7 3. Nc3 c5 4. Nf3 cxd4 5. Nxd4 Qb6 6. Nb3 Nc6 7. Nd5 Qd8 8.
Bf4 d6 9. c3 Bd7 10. Bd3 Ne5 11. O-O Bc6 12. Be2 h5 13. f3 Nf6 14. Bxe5 dxe5
15. Nxf6+ Bxf6 16. Qxd8+ Rxd8 17. Rfd1 O-O 18. Rxd8 Rxd8 19. Rd1 Rxd1+ 20. Bxd1
Ba4 21. Kf1 Bg5 22. Ke2 Bxb3 23. Bxb3 Bc1 24. Bd5 Bxb2 25. Bxb7 Bxc3 26. Bd5
Kg7 27. g4 hxg4 28. fxg4 g5 29. Kf3 Be1 30. h3 f6 31. Be6 Kf8 32. Ke2 Bc3 33.
Kd3 Bd4 34. Kc4 Ke8 35. Kd5 Kd8 36. Kc6 Bf2 37. Bf5 Be1 38. Be6 a5 39. Bf5 Bb4
40. Be6 1/2-1/2

[Event "ASD Arci Scacchi II-SG Kaltern/TraminII"]
[Site "?"]
[Date "2013.01.19"]
[Round "7.5"]
[White "Steinegger, Elmar"]
[Black "Benvenuto, Alexander"]
[Result "1/2-1/2"]
[WhiteElo "1427"]
[BlackElo "1250"]
[PlyCount "30"]
[EventDate "2013.??.??"]

1. d4 c5 2. Nf3 cxd4 3. Nxd4 e5 4. Nb3 Nf6 5. Nc3 Bb4 6. Bd2 d5 7. a3 Bxc3 8.
Bxc3 d4 9. Bd2 O-O 10. g3 Qd5 11. f3 Be6 12. Bg2 Rd8 13. O-O Nbd7 14. Bg5 h6
15. Bxf6 Nxf6 1/2-1/2

[Event "Brixen/Milland-SC Naturns Jambo II"]
[Site "?"]
[Date "2013.01.19"]
[Round "7.1"]
[White "Gurschler, Gregor"]
[Black "Sader, Michael"]
[Result "1-0"]
[WhiteElo "1743"]
[BlackElo "2169"]
[PlyCount "75"]
[EventDate "2013.??.??"]

1. Nf3 c5 2. e4 e6 3. d3 g6 4. g3 Bg7 5. Bg2 Nc6 6. O-O Nge7 7. c3 d5 8. Re1
O-O 9. e5 h6 10. h4 b6 11. Qe2 Ba6 12. Bf4 Rb8 13. Nbd2 Qd7 14. Rad1 Na5 15.
Nf1 b5 16. g4 b4 17. Qd2 bxc3 18. bxc3 Kh7 19. Ng3 Qa4 20. Rb1 Bxd3 21. Rxb8
Rxb8 22. Be3 Ba6 23. Bxc5 Nec6 24. Bd4 Nc4 25. Qf4 Kg8 26. h5 g5 27. Nxg5 hxg5
28. Qxg5 Kh7 29. Bxd5 Rg8 30. Be4+ Kh8 31. h6 N4xe5 32. hxg7+ Rxg7 33. Qh5+ Kg8
34. Bxe5 Nxe5 35. Qxe5 Rxg4 36. Qb8+ Kg7 37. Qe5+ Kg8 38. Rb1 1-0

[Event "Brixen/Milland-SC Naturns Jambo II"]
[Site "?"]
[Date "2013.01.19"]
[Round "7.2"]
[White "Kofler, Thomas"]
[Black "Kaserer, Hanspeter"]
[Result "1/2-1/2"]
[WhiteElo "1960"]
[BlackElo "1725"]
[PlyCount "64"]
[EventDate "2013.??.??"]

1. e4 e5 2. Nf3 Nc6 3. Bb5 Nf6 4. d3 d6 5. h3 Be7 6. Nc3 O-O 7. O-O a6 8. Ba4
Bd7 9. Be3 Qc8 10. Nh2 Be6 11. f4 exf4 12. Bxf4 b5 13. Bb3 Nd4 14. Ne2 Nxb3 15.
axb3 Nh5 16. Nd4 Nxf4 17. Rxf4 Bg5 18. Nxe6 fxe6 19. Rxf8+ Qxf8 20. Qf3 Qe7 21.
Rf1 Rf8 22. Qe2 Rxf1+ 23. Nxf1 Qf6 24. c3 Qf4 25. g3 Qc1 26. h4 Bh6 27. Kf2 g6
28. b4 Kf7 29. h5 Ke7 30. hxg6 hxg6 31. d4 Bg5 32. Kf3 Bh6 1/2-1/2

[Event "Brixen/Milland-SC Naturns Jambo II"]
[Site "?"]
[Date "2013.01.19"]
[Round "7.3"]
[White "Pichler, Christoph"]
[Black "Kofler, Oswald"]
[Result "1-0"]
[WhiteElo "1843"]
[BlackElo "1858"]
[PlyCount "95"]
[EventDate "2013.??.??"]

1. e4 g6 2. d4 Bg7 3. Nc3 d6 4. Be3 Nd7 5. Qd2 e5 6. Bc4 Ngf6 7. h3 c6 8. a4
Qc7 9. Nge2 O-O 10. O-O Re8 11. Ng3 Nxe4 12. Ngxe4 exd4 13. Bxd4 d5 14. Nxd5
cxd5 15. Bxd5 Ne5 16. Ng5 h6 17. Nf3 Rd8 18. Bxe5 Bxe5 19. Nxe5 Bf5 20. Ng4 Be6
21. Nf6+ Kg7 22. Qd4 Kf8 23. Qb4+ Kg7 24. Bxe6 fxe6 25. Ne4 Rd7 26. Qc3+ Qxc3
27. Nxc3 Rd2 28. Rac1 Rf8 29. f3 Rd6 30. Rfd1 Rb6 31. b3 Rf7 32. Ne4 Rc7 33.
Rd3 Kf7 34. Nd6+ Ke7 35. Nb5 Rc5 36. Nxa7 Ra6 37. Nb5 Rac6 38. c4 Re5 39. Rcd1
Kf6 40. Nd6 Rb6 41. Ne4+ Kf5 42. g4+ Kf4 43. Kf2 Ra5 44. Re3 h5 45. Rd6 Rxd6
46. Nxd6 hxg4 47. hxg4 Ra8 48. Nf7 1-0

[Event "Brixen/Milland-SC Naturns Jambo II"]
[Site "?"]
[Date "2013.01.19"]
[Round "7.4"]
[White "Wisthaler, Lukas"]
[Black "Gurschler, Thomas"]
[Result "1/2-1/2"]
[WhiteElo "1822"]
[BlackElo "1674"]
[PlyCount "40"]
[EventDate "2013.??.??"]

1. e4 g6 2. d4 Bg7 3. f4 c6 4. Nf3 d5 5. e5 h5 6. c4 Nh6 7. Nc3 Bg4 8. Qb3 b6
9. cxd5 Bxf3 10. gxf3 O-O 11. Be3 Nf5 12. Bf2 cxd5 13. Qxd5 Qxd5 14. Nxd5 Nc6
15. Rc1 Ncxd4 16. Bxd4 Nxd4 17. Nxe7+ Kh7 18. Kf2 Ne6 19. Nd5 Bh6 20. Kg3 Rad8
1/2-1/2

[Event "Brixen/Milland-SC Naturns Jambo II"]
[Site "?"]
[Date "2013.01.19"]
[Round "7.5"]
[White "Naegele, Raimund"]
[Black "Stefan, Hellweg"]
[Result "0-1"]
[WhiteElo "1653"]
[BlackElo "1668"]
[PlyCount "63"]
[EventDate "2013.??.??"]

1. d4 d5 2. Nf3 Nf6 3. e3 Bg4 4. c4 e6 5. Qb3 Bxf3 6. gxf3 Qc8 7. Nc3 c6 8. Bd2
Nbd7 9. cxd5 exd5 10. Bh3 Qc7 11. Rc1 Nb6 12. e4 Qe7 13. O-O dxe4 14. fxe4 Qb4
15. Qxb4 Bxb4 16. a3 Be7 17. Bg5 O-O 18. Bg2 Rad8 19. Rfd1 h6 20. Bf4 Rc8 21.
d5 Nh5 22. Ne2 Nxf4 23. Nxf4 Bg5 24. Nd3 Bxc1 25. Nxc1 Rcd8 26. b3 f5 27. d6
fxe4 28. Bxe4 Rf6 29. Ne2 Rfxd6 30. Rxd6 Rxd6 31. Ng3 Rd2 32. Bf5 0-1

[Event "Brixen/Milland-SC Naturns Jambo II"]
[Site "?"]
[Date "2013.01.19"]
[Round "7.6"]
[White "Del Piero, Flavio"]
[Black "Nischler, Hermann"]
[Result "1-0"]
[WhiteElo "1759"]
[BlackElo "1467"]
[PlyCount "90"]
[EventDate "2013.??.??"]

1. e4 d5 2. exd5 Qxd5 3. Nc3 Qa5 4. Nf3 Bg4 5. Be2 e6 6. O-O Nf6 7. h3 Bh5 8.
d3 Be7 9. Bd2 c6 10. Ne4 Qd8 11. Ng3 Bg6 12. Ne5 Nbd7 13. Nxg6 hxg6 14. Bf3 Nb6
15. a4 Nbd5 16. c3 Rc8 17. d4 Bd6 18. Qc2 Bb8 19. Rfe1 Qd6 20. Rad1 Nf4 21. Bc1
N4h5 22. Nf1 Qd7 23. c4 Bf4 24. Bxf4 Nxf4 25. Qd2 g5 26. d5 cxd5 27. cxd5 N6xd5
28. Bxd5 O-O 29. Bb3 Qxd2 30. Rxd2 Rc7 31. Kh2 g6 32. g3 Nh5 33. Red1 Rfc8 34.
Rd8+ Kg7 35. Rxc8 Rxc8 36. Ne3 Rc7 37. Kg2 Nf6 38. Kf3 Rc5 39. Rd2 b5 40. Ng4
Rf5+ 41. Ke2 Ne8 42. axb5 Kf8 43. Bc4 Nc7 44. Ke3 Nxb5 45. Bxb5 Rxb5 1-0

[Event "Groeden II-SK Ridnaun"]
[Site "?"]
[Date "2013.01.19"]
[Round "7.1"]
[White "Aigner, Helmut"]
[Black "Grossrubatscher, Johann"]
[Result "1/2-1/2"]
[WhiteElo "1819"]
[BlackElo "1489"]
[PlyCount "48"]
[EventDate "2013.??.??"]

1. d4 d5 2. c4 e6 3. Nc3 Nf6 4. Bg5 Be7 5. Nf3 O-O 6. e3 h6 7. Bh4 Ne4 8. Bxe7
Qxe7 9. cxd5 Nxc3 10. bxc3 exd5 11. Bd3 Nd7 12. O-O Nf6 13. Ne5 c5 14. Rc1 Be6
15. Bb1 Rac8 16. Qd3 c4 17. Qc2 g6 18. Qd2 Kh7 19. f3 Rcd8 20. e4 Bc8 21. Qe2
Nh5 22. Rce1 Qg5 23. g3 Bh3 24. Rf2 Nxg3 1/2-1/2

[Event "Groeden II-SK Ridnaun"]
[Site "?"]
[Date "2013.01.19"]
[Round "7.2"]
[White "Taschler, Manuel"]
[Black "Helfer, August"]
[Result "1/2-1/2"]
[WhiteElo "1550"]
[BlackElo "1652"]
[PlyCount "72"]
[EventDate "2013.??.??"]

1. Nf3 g6 2. d3 Bg7 3. Nbd2 e6 4. g3 d5 5. Bg2 Ne7 6. O-O O-O 7. Re1 Nd7 8. e4
c6 9. e5 b6 10. d4 c5 11. c3 Bb7 12. Nf1 Rc8 13. Bg5 h6 14. Be3 Nf5 15. Qd2 Kh7
16. g4 Nxe3 17. Rxe3 Rh8 18. Ne1 Ba6 19. Rh3 Bxf1 20. Kxf1 cxd4 21. cxd4 f5 22.
exf6 Qxf6 23. Nf3 Rhf8 24. Re1 Kg8 25. g5 hxg5 26. Nxg5 Qxd4 27. Qe2 Qc4 28.
Nxe6 Qxe2+ 29. Rxe2 Rc1+ 30. Re1 Rxe1+ 31. Kxe1 Re8 32. Bxd5 Nc5 33. Re3 Nxe6
34. Rxe6 Rxe6+ 35. Bxe6+ Kf8 36. b3 Ke7 1/2-1/2

[Event "Groeden II-SK Ridnaun"]
[Site "?"]
[Date "2013.01.19"]
[Round "7.3"]
[White "Obermueller, Johann"]
[Black "Goller, Bruno"]
[Result "0-1"]
[WhiteElo "1536"]
[BlackElo "1455"]
[PlyCount "132"]
[EventDate "2013.??.??"]

1. e4 c5 2. Nf3 d6 3. c3 Nf6 4. h3 a6 5. Bd3 b5 6. Bc2 Bb7 7. d3 Qc7 8. Bg5
Nbd7 9. Nbd2 Rc8 10. Rc1 h6 11. Bf4 e5 12. Be3 Be7 13. d4 exd4 14. cxd4 Qa5 15.
O-O Qxa2 16. e5 dxe5 17. dxe5 Nd5 18. Bf5 Nxe3 19. Bxd7+ Kxd7 20. fxe3 Rhd8 21.
Nc4+ Kc7 22. Nd6 Kb6 23. Nxc8+ Bxc8 24. Qc2 Qe6 25. Rfd1 Rxd1+ 26. Rxd1 Bb7 27.
e4 g5 28. Qd3 Bc6 29. Rd2 c4 30. Qe2 Qg6 31. Kf1 Bxe4 32. Ne1 Qf5+ 33. Qf2+ Bc5
34. Qxf5 Bxf5 35. Ke2 Kc6 36. Rd8 Kc7 37. Rd5 Kc6 38. Rd1 h5 39. Rd8 g4 40.
hxg4 hxg4 41. Kd2 Bb4+ 42. Kd1 Bd7 43. Nc2 Be7 44. Nd4+ Kc7 45. Ra8 Bc5 46. Ne2
Bc8 47. Nf4 Kb7 48. Rxc8 Kxc8 49. e6 fxe6 50. Nxe6 Bf2 51. Kc2 Kd7 52. Nf4 Kd6
53. Ne2 Kc5 54. Nc1 b4 55. Ne2 b3+ 56. Kd2 Bd4 57. Kc1 Be3+ 58. Kd1 Bd4 59. Kc1
a5 60. Kb1 Be5 61. Kc1 Kb4 62. Kb1 a4 63. Kc1 a3 64. bxa3+ Kxa3 65. Kb1 c3 66.
Nc1 c2# 0-1